00582cam a2200169 a 450000100100000000500170001000800410002704000300006808200200009810000320011824500490015026000460019930000280024550000470027365000490032065100430036900001261520200929163040.0860214s1985 ag a 000 0aspa d aDO-SdBNPbspacDLCdBNPHU a365.6491bV176c1 aValladares, Armando,d1937-10aContra toda esperanza /cArmando Valladares. aBuenos Aires, Argentina :bKosmos,c1985. a412 p. :bil. ;c22 cm. a22 años en el "Gulag de Las américas". 4aPresos políticoszCubaxRelatos personales 4aCubaxPolítica Y Gobiernoy1959-1990